al-Baʻathāt al-ʻilmīyah fī ʻahd Muḥammad Alī thumma fī ʻahday ʻAbbās al-Awwal wa-Saʻīd /

محفوظ في:

المؤلف الرئيسي: Ṭūsūn, ʻUmar, Prince, 1872-1944 (مؤلف)

التنسيق: كتاب

اللغة: Arabic

منشور في: al-Iskandarīyah : Maṭbaʻat Ṣalāḥ al-Dīn, 1934.

الموضوعات:

الوسوم: إضافة وسم

لا توجد وسوم, كن أول من يضع وسما على هذه التسجيلة!

رقم الطلب: LA1648.7 .U46 1934

LEADER 01395nam a2200253Ia 4500
003 OSt
005 20230808081318.0
008 130303s1934 ua 000 0 ara d
952 |0 0  |1 0  |2 lcc  |4 0  |6 LA16487 U46 01934  |7 1  |9 49476  |a ARCE  |b ARCE  |d 2023-08-08  |l 0  |o LA1648.7 .U46 1934  |p 1029970  |r 2023-08-08 00:00:00  |w 2023-08-08  |y BK 
999 |c 26195  |d 26195 
040 |c ARCE Library 
043 |a f-ua--- 
050 4 |a LA1648.7 .U46 1934 
100 1 |6 880-01  |a Ṭūsūn, ʻUmar,  |c Prince,  |d 1872-1944,  |e author  |9 41355 
245 1 3 |6 880-02  |a al-Baʻathāt al-ʻilmīyah fī ʻahd Muḥammad Alī thumma fī ʻahday ʻAbbās al-Awwal wa-Saʻīd /   |c lil-Amīr ʻUmar Ṭūsūn. 
264 1 |a al-Iskandarīyah :   |b Maṭbaʻat Ṣalāḥ al-Dīn,   |c 1934. 
300 |a 579, 35 pages ;  |c 24 cm. 
650 0 |a Education, Higher  |z Egypt  |x History. 
650 0 |a Egyptian students  |z Foreign countries. 
650 0 |a Foreign study. 
880 1 |6 100-01/(3/r  |a طوسون، عمر،‪‪‪‪‪‪‪‪‪‪‪‪‪‪‪‪‪‪‪‪‪  |c الأمير،‪‪‪‪‪‪‪‪‪‪‪‪‪‪‪‪‪‪‪‪‪‪‪‪‪  |d 1872-1944. 
880 1 2 |6 245-02/(3/r  |a البعثات العلمية في عهد محمد علي، ثم في عهدى عباس الأول و سعيد   |c للأمير عمر طوسون.‪‪‪‪‪‪‪‪‪‪‪‪‪‪‪‪‪‪‪‪‪‪‪‪ 
901 |a reviewed 
942 |c BK  |2 lcc